Film, Politics, and Gramsci = Películas, politica y Gramsci /
Tallennettuna:
| Päätekijä: | |
|---|---|
| Aineistotyyppi: | Tuntematon |
| Kieli: | Spanish English |
| Julkaistu: |
Minnesota :
University of Minnesota,
1994.
|
| Aiheet: | |
| Tagit: |
Lisää tagi
Ei tageja, Lisää ensimmäinen tagi!
|
MARC
| LEADER | 000000000a22000000004500 | ||
|---|---|---|---|
| 001 | 011234 | ||
| 008 | 180213b xxu||||| |||| 00| 0 spa d | ||
| 020 | |a 0816623902 | ||
| 041 | 0 | |a eng | |
| 082 | 0 | 4 | |a 335.43 |b L264f |
| 100 | 1 | |a Landy, Marcia, |d 1931 - | |
| 245 | 1 | 0 | |a Film, Politics, and Gramsci = |b Películas, politica y Gramsci / |c Marcia Landy. |
| 246 | 3 | 1 | |a Películas, politica y Gramsci |
| 260 | 1 | |a Minnesota : |b University of Minnesota, |c 1994. | |
| 300 | |a 278 páginas | ||
| 500 | |a Donación George Yúdice | ||
| 650 | 4 | |a GRAMSCI, ANTONIO, 1891 - 1937 | |
| 650 | 4 | |a COMUNISMO Y CULTURA | |
| 650 | 4 | |a POLITICA Y CULTURA | |
| 650 | 4 | |a PELICULAS | |
| 942 | |c BK |2 ddc | ||
| 999 | |c 16539 |d 16539 | ||



